000 00723nam a2200181Ia 4500
003 GCL
008 140319s9999 xx 000 0 ara d
040 _aGCL /
_cGCL
082 0 4 _aط
_b239
_bك س
100 1 _aكريمان حمزة
245 1 0 _aسيد الخلق : (طفولته وصباه)-(الوحى وظهور الاسلام)-(الاسراء-الدولة-غزوة بدر)-(احد-الاحزاب-خيبر)-(الفتح المبين - حجة الوداع) /
_cكريمان حمزة
260 _aالقاهرة :
_bدار الشروق ،
_c1994
300 _aمتعدد ؛
_c24 سم
490 _aسيد الخلق
_v0
650 0 4 _aالسيرة النبوية
650 0 4 _aغزوات النبى
942 _2ddc
_cBK
999 _c46246
_d46246